| 000 | 01069cab a2200217 4500 | ||
|---|---|---|---|
| 001 | ABS42355 | ||
| 008 | 090401t1990 xxu||||| |||| 00| 0 eng d | ||
| 035 | _a(Sirsi) u36340 | ||
| 041 | _aeng | ||
| 100 | _aMason, P.J. | ||
| 245 | _aLocal trials of computerised street-works register and mains record systems | ||
| 260 | _c1990 | ||
| 350 | _a0 | ||
| 490 |
_aProceedings of the Institution of Civil Engineers _v88(1) 1990, 283-294(7) |
||
| 520 | _aDescribes the trials in the areas of Dudley MBC and Lothian RC of computer systems to manage street works registers , utilities damage. limitation trials and mains record systems . The history of the trials is outlined and current systems described together with the developments proposed for these systems pending the possible introduction of a national street works register. Identifies the broad costs and benefits. (Based on journal abstract) | ||
| 650 | _aPUBLIC UTILITIES | ||
| 690 | _aMANAGEMENT-BUSINESS MANAGEMENT-INFORMATION MANAGEMENT | ||
| 700 | _aNitzer, R.T. | ||
| 942 | _n0 | ||
| 948 | _c04/03/1997 | ||
| 999 |
_c23636 _d23636 |
||